00561nam a22002057a 450000500170000001000110001702000100002803500110003803700160004904000120006508200160007710000270009324500640012026000550018427000210023930000260026050000230028665000180030965000280032720170124110013.0 a110628 c00.00 a110628 bCen Lib/Ret aDPLbEN a341.13bGRE aGreen, James Frederick aUnited nation and human rights /cby James Frederick Green  aWashington, D.C.bThe Brookings Institution c1956 bWashington, D.C. aviii, 194p.c19cm(Hb) aIncludes appendix  aHuman rights  aHistory xUnited nation